Historia social de los teatros en Chile: Melipilla en el siglo XX
Guardat en:
| Autors principals: | , |
|---|---|
| Format: | Llibre |
| Idioma: | espanyol |
| Publicat: |
Santiago
Chancacazo
2012
|
| Edició: | 1a. ed |
| Matèries: | |
| Etiquetes: |
Afegir etiqueta
Sense etiquetes, Sigues el primer a etiquetar aquest registre!
|
MARC
| LEADER | 00000cam a2200000 a 4500 | ||
|---|---|---|---|
| 001 | UCF2812 | ||
| 003 | CL-VaPUC | ||
| 008 | 120910e20120600CL |||||||||||||||||spa|d | ||
| 020 | |a 9789568940256 | ||
| 082 | 0 | 4 | |a 792.0983 |b SAA |2 21 |
| 100 | 0 | |a Saavedra Utman, Jorge |e author |9 564629 | |
| 700 | 0 | |a Poblete Vásquez, Mario |e author |9 564630 | |
| 245 | 1 | 0 | |a Historia social de los teatros en Chile: Melipilla en el siglo XX |
| 250 | |a 1a. ed | ||
| 300 | |a 322 p | ||
| 942 | |c BK | ||
| 945 | |d 20120910 00:00:00 |a dcastane | ||
| 260 | |a Santiago |b Chancacazo |c 2012 | ||
| 650 | 7 | |a HISTORIA DEL TEATRO |2 CL-VaPUC |9 526642 | |
| 650 | 7 | |a TEATRO POPULAR |2 CL-VaPUC |9 538660 | |
| 650 | 0 | |a Teatro chileno |9 266701 | |
| 650 | 7 | |a TEATRO CHILENO SIGLO 20 |2 CL-VaPUC |9 319027 | |
| 583 | |a last modification |c 20120910 11:39:00 |k Rodrigo Vera | ||
| 999 | |c 349350 |d 349348 | ||
| 952 | |0 0 |1 0 |4 0 |6 792_098300000000000_SAA_2012 |7 0 |8 A |9 451948 |a BIBCUR |b BIBCUR |d 2019-11-22 |i 4897714 |o 792.0983 SAA 2012 |p 4897714 |r 2025-04-22 |w 2019-11-22 |y BK |k PER | ||
| 952 | |0 0 |1 0 |4 0 |6 792_098300000000000_SAA_2012 |7 0 |8 A |9 451949 |a BIBCUR |b BIBCUR |d 2019-11-22 |i 4897722 |l 1 |o 792.0983 SAA 2012 |p 4897722 |r 2025-04-22 |s 2023-09-28 |w 2019-11-22 |y BK |k PER | ||